000 01231pam a2200361 a 4500
999 _c2340
_d2340
001 013741122
003 Uk
005 20230419114535.0
008 070504s2007 enka j 000 1 eng d
015 _aGBA735184
_2bnb
016 7 _a013741122
_2Uk
020 _a9780746085325 (hbk.) :
040 _aStDuBDS
_beng
_cStDuBDS
_dUk
_dKH8
042 _aukblcatcopy
082 0 4 _a823.92 DAV
_222
100 1 _aDavidson, Susanna.
_eAuthor
245 1 0 _aLittle Red Riding Hood /
_cretold by Susanna Davidson ; based on a story by the Brothers Grimm ; illustrated by Mike Gordon.
260 _aLondon :
_bUsborne,
_c2007.
300 _a[24] p. :
_bchiefly col. ill. ;
_c26 cm.
336 _atext
_2rdacontent
337 _aunmediated
_2rdamedia
338 _avolume
_2rdacarrier
490 1 _aUsborne picture storybooks
500 _aFormerly CIP.
_5Uk
650 0 _aLittle Red Riding Hood (Tale)
_vPictorial works
_vJuvenile fiction.
655 7 _aFairy tales.
_2gsafd
655 7 _aChildren's stories
_vPictorial works.
_2gsafd
700 1 _aGordon, Mike,
_d1948 March 16-
_eIllustrator
700 1 _aGrimm, Jacob,
_d1785-1863.
700 1 _aGrimm, Wilhelm,
_d1786-1859.
830 0 _aUsborne picture storybooks
942 _2ddc
_cFIC